Giáo trình đất nước học Trung Quốc 中国概况

Giới thiệu tình hình kinh tế, chính trị, lịch sử, văn hoá-xã hội, du lịch, giáo dục, dân số... của Trung Quốc

Sparad:
Bibliografiska uppgifter
Huvudupphovsman: Nguyễn, Đình Phức
Övriga upphovsmän: Võ, Ngọc Tuấn Kiệt
Materialtyp: Bok
Språk:Undetermined
Publicerad: Tp. Hồ Chí Minh Đại học Quốc gia Tp. Hồ Chí Minh 2013
Ämnen:
Länkar:http://lrc.tdmu.edu.vn/opac/search/detail.asp?aID=2&ID=21939
Taggar: Lägg till en tagg
Inga taggar, Lägg till första taggen!
Thư viện lưu trữ: Trung tâm Học liệu Trường Đại học Thủ Dầu Một
LEADER 01052nam a2200229Ia 4500
001 TDMU_21939
008 210410s9999 xx 000 0 und d
082 |a 915.1 
090 |b NG527 
100 |a Nguyễn, Đình Phức 
245 0 |a Giáo trình đất nước học Trung Quốc 
245 0 |b ä¸­å›½æ¦‚况 
245 0 |c Nguyễn Đình Phức, Võ Ngọc Tuấn Kiệt (biên soạn) 
260 |a Tp. Hồ Chí Minh 
260 |b Đại học Quốc gia Tp. Hồ Chí Minh 
260 |c 2013 
300 |a 351 tr. 
520 |a Giới thiệu tình hình kinh tế, chính trị, lịch sử, văn hoá-xã hội, du lịch, giáo dục, dân số... của Trung Quốc 
650 |a Trung Quốc học; China  |x Case studies; Trung Quốc  |x Nghiên cứu tình huống 
700 |a Võ, Ngọc Tuấn Kiệt 
856 |u http://lrc.tdmu.edu.vn/opac/search/detail.asp?aID=2&ID=21939 
980 |a Trung tâm Học liệu Trường Đại học Thủ Dầu Một